02659nam a2200325 4500001000400000003000400004005001700008008004100025020001800066040000800084041000800092082001700100100003200117245011600149250001000265260003100275300001700306520163400323650003101957650002401988650001702012650003402029655001602063655002002079700003402099830002702133942001502160952014502175999001302320444OSt20250701085449.0250701b |||||||g |||| 00| j eng d a9788516045395 bpor apor a028.5bB214d1 aBandeira, Pedrod1942-9977 aA droga da obediência :bMais uma aventura com os Karas! /cBandeira, Pedro ; Ilustrações de Hector Gomes a4 ed. aSão PaulobModernac2013 a194 p.bil. aAinda que tenha raiz biográfica, uma obra literária de qualidade ultrapassa sempre os limites do indivíduo que a criou e vai aninhar-se em uma dimensão mais ampla. É esta articulação entre o individual e o coletivo, entre o pessoal e o social que Pedro Barbosa assinala, em comovente testemunho, ao referir-se ao primeiro título da série - A Droga da Obediência - como "uma metáfora que protestava contra a ditadura militar na qual eu vivi toda a minha vida de jovem adulto. O golpe militar ocorreu quando eu acabara de fazer 22 anos e só iria terminar em 1985, depois que eu tivesse feito 43." Como o depoimento acima manifesta, o autor sabe apontar, com grande precisão, possíveis articulações de sua obra com o momento político que o Brasil viveu nos anos que antecederam a publicação do livro (1984). O repúdio à censura, o horror a qualquer tipo de violência, a lembrança das pessoas presas e desaparecidas tiveram, sem dúvida, parte grande na matéria que fecunda o misterioso momento da criação das histórias dos Karas. Talvez se deva a esta sábia mistura entre o individual e o coletivo, que há mais de vinte anos a turma dos Karas - Miguel, Calu, Crânio, Magrí e Chumbinho - alimente o desejo de aventura, o entusiasmo pela vida e a crença nos jovens que são a marca de bons livros infantis e juvenis. A expressão que define a turma - o avesso dos coroas, o contrário dos caretas - tem apelo forte para um público jovem ao frisar o caráter contestador e ousado dos heróis das histórias, exemplares do contagioso protagonismo da juventude. 0aLiteratura Brasileira9205 0aInfantojuvenil9200 0aAventura947 0aCrime e Investigação 913 0aRomance923 0aFicção 922 aHector GomeseILUSTRADOR9978 aOs Karas9979vvol. 01 2ddcn0cBK 00102ddc3vol. 140708FICaBIBIBbBIBIBcIJd2025-07-01edoaçãol0oIJ 028.5 / B214dp2025-17375r2025-07-01 08:45:58w2025-07-01yBK c444d444